| 000 | 00623nam a22001937a 4500 | ||
|---|---|---|---|
| 005 | 20230426115047.0 | ||
| 008 | 170627b mx ||||| |||| 00| 0 spa d | ||
| 020 | _a9682446163 | ||
| 050 | 0 | 4 |
_aNA2750 _bC33 1993 |
| 100 | 1 | _aCabeza Pérez, Alejandro. | |
| 245 | 1 | 0 |
_aElementos para el diseño de paisaje _b: Naturales, artificiales y adicionales _c/ Alejandro Cabeza Perez. |
| 250 | _a1a ed. | ||
| 260 |
_aMéxico : _bTrillas, _c1993. |
||
| 300 |
_a81 p. : _bil. ; _c22cm. |
||
| 504 | _aIncluye bibliografia. | ||
| 650 | 7 |
_2lemb _aDiseño arquitectónico |
|
| 650 | 7 |
_2lemb _aArquitectura del paisaje |
|
| 942 |
_2lcc _cLIB |
||
| 999 |
_c128368 _d128368 |
||